00581nam a2200157Ia 4500003000900000008004100009020001800050040001600068080002100084110002600105245014300131260004500274300001000319490001600329650007800345IN-BaIIA211028s9999 xx 000 0 eng d a92-9092-399-7 cIIA Library a083.8:524bESA-5 aEuropean Space Agency 0aHipparcos and Tycho cataloguesbvol. 5, Hipparcos catalogue (0h-3h: 1-18677)cEuropean Space Agency  aNetherlandsbEuropean Space Agencyc1997 a375p. aESA SP-1200 aHipparcos and Tycho catalogues, Catalog-Hipparcos and Tycho, Star catalog